Modern physics for degree students (Record no. 31040)

000 -LEADER
fixed length control field 00500nam a22002057a 4500
001 - CONTROL NUMBER
control field 31040
003 - CONTROL NUMBER IDENTIFIER
control field BD-DhUET
008 - FIXED-LENGTH DATA ELEMENTS--GENERAL INFORMATION
fixed length control field 150628b xxu||||| |||| 00| 0 eng d
040 ## - CATALOGING SOURCE
Original cataloging agency DLC
Transcribing agency DLC
Modifying agency BD-DhUET
082 ## - DEWEY DECIMAL CLASSIFICATION NUMBER
Classification number 539
Item number RAJ/1979
100 ## - MAIN ENTRY--PERSONAL NAME
Personal name Rajam, J. B
245 ## - TITLE STATEMENT
Title Modern physics for degree students
250 ## - EDITION STATEMENT
Edition statement 8th ed.
260 ## - PUBLICATION, DISTRIBUTION, ETC. (IMPRINT)
Place of publication, distribution, etc. New Delhi
Name of publisher, distributor, etc. S.Chand
Date of publication, distribution, etc. 1979
300 ## - PHYSICAL DESCRIPTION
Extent xii, 602p.
Other physical details ill.
650 #0 - SUBJECT ADDED ENTRY--TOPICAL TERM
Topical term or geographic name as entry element Modern physics
700 ## - ADDED ENTRY--PERSONAL NAME
Personal name Subrahmanyam, N.
700 ## - ADDED ENTRY--PERSONAL NAME
Personal name Lal, Brij
942 ## - ADDED ENTRY ELEMENTS (KOHA)
Koha item type General Book
Holdings
Piece designation (barcode) Damaged status Koha normalized classification for sorting Not for loan Koha full call number Location (home branch) Shelving location Copy number Lost status Koha date last seen Price effective from Koha item type Source of classification or shelving scheme Sublocation or collection (holding branch) Withdrawn status Date acquired
52573 539_000000000000000_RAJ_1979 539/RAJ/1979Central Library, BUETReading section1 2015-06-282015-06-28Reading Item Central Library, BUET 2015-06-28
52576 539_000000000000000_RAJ_1979 539/RAJ/1979Central Library, BUETReading section2 2015-06-282015-06-28Reading Item Central Library, BUET 2015-06-28
52574 539_000000000000000_RAJ_1979 539/RAJ/1979Central Library, BUETReading section3 2015-07-092015-07-09Reading Item Central Library, BUET 2015-07-09